<?xml version="1.0" encoding="UTF-8"?>
<marc:record xmlns:marc="http://www.loc.gov/MARC21/slim">
   <marc:leader>00000nam a2200000 a 4500</marc:leader>
   <marc:datafield ind1="1" ind2=" " tag="100">
      <marc:subfield code="a">Materna, Andrea</marc:subfield>
      <marc:subfield code="4">ctb</marc:subfield>
      <marc:subfield code="e">Mitwirkende/-r</marc:subfield>
   </marc:datafield>
   <marc:datafield ind1="1" ind2=" " tag="100">
      <marc:subfield code="a">Fricke, Ulrich</marc:subfield>
      <marc:subfield code="4">edt</marc:subfield>
      <marc:subfield code="e">Bearbeiter/-in</marc:subfield>
   </marc:datafield>
   <marc:datafield ind1=" " ind2=" " tag="653">
      <marc:subfield code="a">Vitalstofftherapie</marc:subfield>
   </marc:datafield>
   <marc:datafield ind1=" " ind2=" " tag="653">
      <marc:subfield code="a">Softcover</marc:subfield>
   </marc:datafield>
   <marc:datafield ind1=" " ind2=" " tag="653">
      <marc:subfield code="a">Karte</marc:subfield>
   </marc:datafield>
   <marc:datafield ind1=" " ind2=" " tag="653">
      <marc:subfield code="a">Körperpflege / Ratgeber Gesundheit</marc:subfield>
   </marc:datafield>
   <marc:datafield ind1=" " ind2=" " tag="653">
      <marc:subfield code="a">Ratgeber</marc:subfield>
   </marc:datafield>
   <marc:datafield ind1="0" ind2="0" tag="245">
      <marc:subfield code="a">Heilen mit Vitalstoffen</marc:subfield>
   </marc:datafield>
   <marc:datafield ind1="0" ind2="0" tag="245">
      <marc:subfield code="b">die neuesten Geheimnisse aus der Komplementärmedizin ; wie Sie Krankheiten für immer besiegen mit Vitaminen, Mineralstoffen und Nahrungsergänzungsmitteln - verblüffend einfach und zuverlässig</marc:subfield>
   </marc:datafield>
   <marc:datafield ind1="0" ind2="0" tag="245">
      <marc:subfield code="c">Ulrich Fricke (Hrsg.). [Autoren: Andrea Materna ...</marc:subfield>
   </marc:datafield>
   <marc:datafield ind1=" " ind2="1" tag="264">
      <marc:subfield code="a">Bonn</marc:subfield>
      <marc:subfield code="b">FID Gesundheit</marc:subfield>
      <marc:subfield code="c">2006</marc:subfield>
   </marc:datafield>
   <marc:datafield ind1="1" ind2=" " tag="490">
      <marc:subfield code="a">Länger und gesünder leben - Sonderedition</marc:subfield>
   </marc:datafield>
   <marc:datafield ind1=" " ind2=" " tag="250">
      <marc:subfield code="a">1. Aufl.</marc:subfield>
   </marc:datafield>
   <marc:datafield ind1="1" ind2=" " tag="520">
      <marc:subfield code="a">Angaben aus der Verlagsmeldung

Heilen mit Vitalstoffen : Wie Sie Krankheiten für immer besiegen mit Vitaminen, Mineralstoffen und Nahrungsergänzungsmitteln - verblüffend einfach und zuverlässig

Heilen mit Vitalstoffen - der amerikanische Nobelpreisträger Linus Pauling hat dafür den Fachbegriff "orthomolekulare Medizin" geprägt, "Behandlung mit den richtigen Molekülen" - und gemeint sind damit vor allem Vitamine und Mineralstoffe. Diese medizinische Richtung findet unter Patienten und Therapeuten immer mehr Anhänger. Denn mittlerweile ist wissenschaftlich bewiesen, dass ein schleichender Mangel an Vitalstoffen viele schwerwiegende Krankheiten wie Herzinfarkt, Schlaganfall, Osteoporose, Diabetes, Arthrose, Alzheimer und sogar Krebs begünstigen kann.
Dieses Buch zeigt, wie man sich mit Vitaminen und Mineralstoffen vor den häufigsten Erkrankungen unserer modernen Zivilisationsgesellschaft schützen kann und wie sich die Behandlung durch hoch dosierte Vitalstoffpräparate ergänzen lässt. Oft kann dann ganz auf Medikamente verzichtet werden.
</marc:subfield>
   </marc:datafield>
   <marc:datafield ind1=" " ind2=" " tag="020">
      <marc:subfield code="a">9783932017254</marc:subfield>
      <marc:subfield code="9">9783932017254</marc:subfield>
   </marc:datafield>
   <marc:datafield ind1=" " ind2=" " tag="020">
      <marc:subfield code="a">3932017250</marc:subfield>
      <marc:subfield code="9">3932017250</marc:subfield>
   </marc:datafield>
   <marc:datafield ind1=" " ind2=" " tag="041">
      <marc:subfield code="a">ger</marc:subfield>
   </marc:datafield>
   <marc:datafield ind1=" " ind2=" " tag="300">
      <marc:subfield code="a">201 S.</marc:subfield>
   </marc:datafield>
</marc:record>
